|
|
|
|
| LEADER |
00000nab a2200000uu 4500 |
| 001 |
vtls010903078 |
| 003 |
SK-MaSNL |
| 005 |
20260304012112.0 |
| 008 |
230222|2001 xo |||||||||||||||||slo| |
| 015 |
|
|
|a SNBRB
|
| 035 |
|
|
|a (urnnbn)urn:nbn:sk:snk:ar-a07pvn
|
| 035 |
|
|
|a (uuid)09da2bb9-cc21-43b2-8dc1-d1fa85c25629
|
| 035 |
|
|
|a urn:nbn:sk:snk-ab8u70
|
| 040 |
|
|
|a SNKBUCL
|b slo
|c SNKBUCL
|e AACR2
|
| 041 |
0 |
|
|a slo
|
| 044 |
|
|
|a xo
|c SK
|
| 100 |
1 |
|
|a Dremmelová, Iveta
|4 aut
|9 16005
|
| 245 |
1 |
0 |
|a KONDIČNÉ PLÁVANIE V UČEBNÝCH OSNOVÁCH FTVŠ UK
|c Iveta Dremmelová, Ján Koštial, Ľubomír Kalečík
|
| 700 |
1 |
|
|a Koštial, Ján
|4 aut
|9 5361
|
| 700 |
1 |
|
|a Kalečík, Ľubomír,
|d 1949-
|4 aut
|9 99071
|
| 773 |
0 |
|
|t Acta Facultatis Educationis Physicae Universitatis Comenianae
|g Roč. 42, č. 42 (2001), s. 57-65
|
| 954 |
|
|
|a odborná, vedecká literatúra pôvodná (slovenská)
|2 lita
|
| 958 |
|
|
|a OND
|
| 958 |
|
|
|a EUIPO
|
| 958 |
|
|
|a article10
|
| 999 |
|
|
|c 2569739
|d 2571669
|